Подробности
| 000 -МАРКЕР |
| контрольное поле |
01578nam2a22002411 4500 |
| 001 - ИДЕНТИФИКАТОР ЗАПИСИ |
| контрольное поле |
rc\679687 |
| 005 - ИДЕНТИФИКАТОР ВЕРСИИ |
| контрольное поле |
20250621231638.0 |
| 035 ## - ДРУГИЕ СИСТЕМНЫЕ НОМЕРА |
| Идентификатор записи |
(NLR Aleph) 005972194 |
| 100 ## - ДАННЫЕ ОБЩЕЙ ОБРАБОТКИ |
| Данные общей обработки |
20031121d1989 |||y0rusy50 ca |
| 101 0# - ЯЗЫК РЕСУРСА |
| Язык текста, звукозаписи и т.д. |
русский |
| 102 ## - СТРАНА ПУБЛИКАЦИИ ИЛИ ПРОИЗВОДСТВА |
| Страна публикации |
Российская Федерация |
| 105 ## - ПОЛЕ КОДИРОВАННЫХ ДАННЫХ: ТЕКСТОВЫЕ МАТЕРИАЛЫ, МОНОГРАФИЧЕСКИЕ |
| Кодированные данные о монографическом текстовом документе |
a ||||||||| |
| 200 0# - ЗАГЛАВИЕ И СВЕДЕНИЯ ОБ ОТВЕТСТВЕННОСТИ |
| Основное заглавие |
Ч. 3 |
| Первые сведения об ответственности |
А.Г. Китов, Ю.Д. Огородников, Н.В. Пигалова, М.Ф. Шкирев |
| 210 ## - ПУБЛИКАЦИЯ, РАСПРОСТРАНЕНИЕ И ДР. |
| Дата издания, распространения и т.д. |
1989 |
| Место издания, распространения и т.д. |
Б. м. |
| 215 ## - ФИЗИЧЕСКАЯ ХАРАКТЕРИСТИКА |
| Специфическое обозначение материала и объем |
80 с. |
| Другие сведения о физической характеристике |
ил. |
| 320 ## - ПРИМЕЧАНИЯ О НАЛИЧИИ В ДОКУМЕНТЕ БИБЛИОГРАФИИ / УКАЗАТЕЛЯ |
| Текст примечания |
Библиогр.: с. 77-78 |
| 461 #0 - УРОВЕНЬ НАБОРА |
| Встроенное поле |
001rc\679684 |
| -- |
2001#$aАвтоматизированные системы управления предприятиями на речном транспорте$eКонспект лекций для студентов мех., кораблестроит., электромех. и ПТМ фак.$fА.Г. Китов, В.И. Кожухарь, Ю.Д. Огородников и др.$gПод общ. ред. А.Г. Китова$gМ-во реч. флота РСФСР, Горьк. ин-т инж. вод. трансп.$vЧ. 3 |
| Системный номер (АБИС) связанной записи |
9557736 |
| Место публикации |
Горький |
| Дата публикации |
1985- |
| Первые сведения об ответственности |
А.Г. Китов, В.И. Кожухарь, Ю.Д. Огородников и др. |
| Имя издателя, распространителя и т.д. |
ГИИВТ |
| Сведения, относящиеся к заглавию |
Конспект лекций для студентов мех., кораблестроит., электромех. и ПТМ фак. |
| Заглавие |
Автоматизированные системы управления предприятиями на речном транспорте |
| Номер тома |
Ч. 3 |
| 801 #0 - ИСТОЧНИК ЗАПИСИ |
| Страна |
Российская Федерация |
| Организация |
NLR |
| Правила каталогизации |
psbo |
| 801 #1 - ИСТОЧНИК ЗАПИСИ |
| Страна |
Российская Федерация |
| Организация |
ELAR |
| Источник данных |
rusmarc |
| 852 ## - МЕСТОНАХОЖДЕНИЕ И ШИФР ХРАНЕНИЯ |
| Идентификатор организации |
NLR |
| Шифр хранения (Call Number) |
86-4/13514 |
| 942 ## - ДОПОЛНИТЕЛЬНЫЕ ЭЛЕМЕНТЫ ЗАПИСИ (АБИС) |
| Тип экземпляра АБИС |
Книга |
| 980 ## - КОЛЛЕКЦИЯ |
| Название коллекции |
Национальная библиография |